000 00322nam a2200121Ia 4500
008 220216s9999 xx 000 0 und d
245 0 _aEffect of some adulterants on the metrolac DRC of field latex
260 _bPlanters Bulletin
_c1974
300 _a21-29
650 _aAdulterants
650 _aDry rubber
942 _cJS
999 _c58139
_d58139